Quasilinearization and nonlinear boundary-value problems /

Saved in:
Bibliographic Details
Main Author: Bellman, Richard, 1920-1984
Other Authors: Kalaba, Robert E.
Format: Book
Language:English
Published: New York : American Elsevier, 1965.
Series:Modern analytic and computational methods in science and mathematics v. 3
Subjects:
LEADER 01148nam a2200265 a 4500
001 c000006648
003 CARM
005 00000000000000.0
008 s1965 nyu 00010 eng d
019 1 |a 4024103  |z 4051457  |z 12418605  |z 25025381  |z 51837496  |z 54050631  |z 55532590  |z 57418519  |5 LACONCORD2021 
035 |a (OCoLC)4601975  |5 LACONCORD2021 
100 1 |a Bellman, Richard,  |d 1920-1984. 
245 1 0 |a Quasilinearization and nonlinear boundary-value problems /  |c [by] Richard E. Bellman and Robert E. Kalaba. 
260 |a New York :  |b American Elsevier,  |c 1965. 
300 |b illus. 
440 |a Modern analytic and computational methods in science and mathematics  |v v. 3 
500 |a A Rand Corporation research study. 
504 |a Includes bibliographies. 
650 0 |a Programming (Mathematics) 
650 0 |a Boundary value problems  |x Numerical solutions. 
700 1 |a Kalaba, Robert E. 
852 8 |b CARM  |h A2:AD02E0  |i C00416  |p 0024665  |f BK 
082 0 4 |a 510.78 
999 f f |i 7ba0785b-f287-5f2e-af62-717363b4e0f0  |s f20d3c27-3bf7-503c-a29c-73b9520c6f8f 
952 f f |p Can circulate  |a CAVAL  |b CAVAL  |c CAVAL  |d CARM 1 Store  |e C00416  |f A2:AD02E0  |h Other scheme  |i book  |m 0024665